000 00681nam a2200217Ia 4500
001 13798
003 AR-BaAGN
005 20231103131412.0
007 ta
008 211213s1907 ag |||||||||||||| ||spa d
040 _aAR-BaAGN
_bspa
_eaacr
100 1 _aPeña, Enrique
245 1 3 _aLa excomunión del Gobernador Alonso de Rivera.
260 _aBuenos Aires :
_bJ. Peuser,
_c1907.
300 _a26 páginas :
_bil.
336 _2rdacontent
_btxt
337 _2rdamedia
_bn
338 _2rdacarrier
_bnc
773 0 8 _0327
_927277
_oJJB-713
_tColombia, Estados Unidos y Panamá.
_g(Número 15 de 15 obras encuadernadas juntas)
_iEjemplar JJB-713 encuadernado con:
942 _cLIBRO
_2ddc
999 _c13798
_d13798